Evaluación de calidad de agua en la cuenca alta y media del río Chambery (departamento de Caldas), mediante indicadores ambientales de tipo fisicoquímico y biológico (Registro nro. 4203)

Detalles MARC
000 -CABECERA
Campo de control 00678nam a2200181 a 4500
005 - FECHA Y HORA DE LA ULTIMA TRANSACCION
Campo de control 20150923102741.0
008 - ELEMENTOS DE LONGITUD FIJA—INFORMACION GENERAL
Campo de control 140123b2004 ck ||||| |||| 00| 0 spa d
040 ## - FUENTE DE CATALOGACIÓN
Agencia transcriptora CO-BoIH
Agencia catalogadora original CO-BoIAVH
041 ## - IDIOMA
Código de idioma para texto/pista de sonido o título separado Español
044 ## - PAÍS DE PUBLICACIÓN
País de publicación Colombia
090 ## - CLASIFICACIÓN LOCAL
Colección IAVH
Consecutivo 00304
100 ## - ASIENTO PRINCIPAL--NOMBRE PERSONAL
Nombre personal Zúñiga, María del Carmen
245 ## - MENCION DE TITULO
Título Evaluación de calidad de agua en la cuenca alta y media del río Chambery (departamento de Caldas), mediante indicadores ambientales de tipo fisicoquímico y biológico
260 ## - PUBLICACION, DISTRIBUCION, ETC. (PIE DE IMPRENTA)
Lugar de publicación, distribución, etc. Santiago de Cali
Nombre del editor, distribuidor, etc. Instituto de Investigación de Recursos Biológicos Alexander von Humboldt
-- CORPOCALDAS
Fecha de publicación, distribución, etc. 2004
300 ## - DESCRIPCION FISICA
Extensión 103 p.
942 ## - ELEMENTOS ADICIONALES (KOHA)
Tipo de ítem Informe Técnico
Sistema de clasificación Local
945 ## - PROCESAMIENTO LOCAL
AAAA-MM-DD - Fecha de ingreso o modificacion 2004-10-13
Existencias
Withdrawn status Lost status Sistema de Clasificación Damaged status No para préstamo Colección Inventariado Ubicación Permanente Ubicación actual Fecha de adquisición Fuente de Valor Total Checkouts Número topográfico Inventario / Código de Barras Date last seen Ejemplar Price effective from Tipo de material
    Local     Humboldt Inventariado 2017 Bogotá Bogotá 13/10/2004 Jeménez, Elizabeth   IAVH-00304 016816 09/08/2024 Ej. 1 04/12/2012 Informe Técnico